000 00703nam a2200217Ii 4500
003 JO-AjNU
008 230605s9999||||xx |||||||||||||| ||und||
017 _a1981/4508
020 _a977-7351-45-3
040 _aJO-AjNU
_bara
_erda
_cJO-AjNU
041 _aara
050 1 4 _aBR145.2.J412 1981
100 3 _aجنيبير، شارل ؛ ترجمة عبد الحليم محمود,
_eauthor
_940664
245 0 0 _aالمسيحية نشأتها وتطورها
264 3 1 _aالقاهرة: دار المعارف، 1981
300 _a275ص
336 _atext
_btxt
_2rdacontent
337 _aunmediated
_bn
_2rdamedia
338 _avolume
_bnc
_2rdacarrier
650 4 _aالمسيحية- تاريخ
_940665
999 _aA17276
_c20844
_d20844